000 00385 a2200157 4500
001 180528
020 _a
040 _cMagnum
100 _aCotrim, Gilberto
240 1 0 _aOspb - organizacao social e politica brasileira
_lpor
245 1 0 _aOspb - organizacao social e politica brasileira
362 0 _a1899
440 1 _aSaraiva
697 _aMAGNITO: PARADIDATICO
942 _cBK
999 _c180528
_d180528